000 00782nam a2200253Ia 4500
003 GCL
005 20240530103109.0
008 140319s9999 xx 000 0 ara d
040 _aGCL /
_cGCL
082 0 4 _a410
_bف ع
100 1 _aرمضان عبدالتواب
245 1 0 _aالعربية : دراسات فى اللغة واللهجات والاساليب /
_cرمضان عبدالتواب
260 _a[S.N] :
_bمكتبة الخانجى ،
_c1980
300 _a331 ص
650 0 4 _aتاريخ
650 0 4 _aالعلم
650 0 4 _aالاوزان الشعرية
650 0 4 _aاللغة العربية
650 0 4 _aاللهجات
650 0 4 _aفقه اللغة العربية
650 0 4 _aالاسلوب
700 1 _aفك، يوهان
942 _2ddc
_cBK
999 _c36804
_d36804